000 01014cam a2200265 4500
008 090401t1987 xxu||||| |||| 00| 0 eng d
020 _a0951266233
035 _a(Sirsi) u11839
041 _aeng
050 _a692.3
110 _aCo-ordinating Committee For Project Information
_92751
245 _aCo-ordinated project information for building works: a guide with examples
260 _aLondon
_bCo-ordinating Committee for Project Info
_c1987
300 _a62p. : ill. ; 30cm.
350 _a18.95
520 _aSponsored by Association of Consulting Engineers , Building Employer`s Confederation , Royal Institute of British Architects Royal Institution of Chartered Surveyors .
650 _aBILLS OF QUANTITIES
650 _aPRODUCTION DRAWINGS
650 _aPROJECT INFORMATION
650 _aSTANDARD METHOD OF MEASUREMENT (SEVENTH EDITION)
650 _aSPECIFICATION
650 _aBUILT ENVIRONMENT-QUANTITY SURVEYING-STANDARD METHOD OF MEASUREMENT
942 _n0
948 _c04/03/1997
999 _c86919
_d86919